| 000 | 01641nam a2200457 i 4500 | ||
|---|---|---|---|
| 001 | 24973 | ||
| 003 | KOSZ 005 | ||
| 005 | 20240224062752.0 | ||
| 008 | 240222s1996 pl a f 001 0 pol d | ||
| 020 | _a8371470142 | ||
| 040 |
_aKOSZ 005 _cKOSZ 005/RW |
||
| 041 | 1 |
_apol _heng |
|
| 046 | _k1995 | ||
| 080 | _a004.438 | ||
| 080 | _a(07) | ||
| 100 | 1 |
_aArnush, Craig _eAutor |
|
| 245 | 1 | 0 |
_aTurbo C++ 4.5 dla Windows w 21 dni / _cCraig Arnush ; [opracowanie wersji polskiej Piotr Kolczyński]. |
| 246 | 3 |
_iTytuł oryginału: _aTeach yourself C++ 4.5 for Windows in 21 days |
|
| 250 | _aWydanie I. | ||
| 260 |
_aWarszawa : _bOficyna Wydawnicza Read Me, _c1996. |
||
| 300 |
_aXXV, [1], 814 stron : _bilustracje ; _c25 cm. |
||
| 336 |
_aTekst _btxt _2rdacontent |
||
| 337 |
_aBez urządzenia pośredniczącego _bn _2rdamedia |
||
| 338 |
_aWolumin _bnc _2rdacarrier |
||
| 380 | _aKsiążki | ||
| 380 | _aPublikacje fachowe | ||
| 388 | 1 | _a1901-2000 | |
| 388 | 1 | _a1989-2000 | |
| 490 | 1 | _aSztuka Programowania | |
| 500 | _aTytuł oryginału: "Teach yourself C++ 4.5 for Windows in 21 days" 1995. | ||
| 504 | _aIndeks. | ||
| 650 | 7 | _aC++ (język programowania) | |
| 650 | 7 | _aProgramowanie (informatyka) | |
| 655 | 7 | _aPodręcznik | |
| 658 | _aInformatyka i technologie informacyjne | ||
| 700 | 1 |
_aKolczyński, Piotr _eOpracowanie |
|
| 710 | 2 |
_aOficyna Wydawnicza "Read Me", Włodzimierz Bińczyk _4pbl |
|
| 830 | 0 | _aSztuka Programowania | |
| 856 |
_uhttp://koha.tu.koszalin.pl/cgi-bin/koha/opac-detail.pl?biblionumber=24973 _yKatalog online BPK |
||
| 942 |
_2UKD _cKS |
||
| 999 |
_c24973 _d24973 |
||